000 02764cam a22004578i 4500
001 9781315717845
003 FlBoTFG
005 20250131102545.0
006 m o d
007 cr |||||||||||
008 230720s2024 enk ob 001 0 eng
020 _a9781315717845
_q(ebk)
020 _a1315717840
020 _a9781317511199
_q(electronic bk. : Mobipocket)
020 _a1317511190
_q(electronic bk. : Mobipocket)
020 _a9781317511212
_q(electronic bk. : PDF)
020 _a1317511212
_q(electronic bk. : PDF)
020 _a9781317511205
_q(electronic bk. : EPUB)
020 _a1317511204
_q(electronic bk. : EPUB)
020 _z9781138839229
_q(hbk)
020 _z9781032593647
_q(pbk)
024 7 _a10.4324/9781315717845
_2doi
040 _aKO
_beng
041 0 _aeng
082 0 0 _a387.5068
_223/eng/20230920
100 1 _aPanayides, Photis M.,
_eauthor.
245 1 0 _aShipping performance management /
_cPhotis M. Panayides.
264 1 _aAbingdon, Oxon ;
_aNew York, NY :
_bRoutledge,
_c2024.
300 _a1 online resource.
490 0 _aLloyd's practical shipping guides
520 _a"In the dynamic and volatile shipping industry, effective performance management is essential to an organization's success. This book is a practical guide to developing a holistic and comprehensive performance measurement and management system in shipping. Companies in the shipping industry must perform well across many facets of the organization in order to satisfy an array of demands and obligations arising from a complex environment of customers, partners, competitors and regulators. This book shows how companies can develop systems to effectively gauge and monitor organizational performance, including among others strategic, economic, environmental, social and operational performance. Topics covered include: tools and approaches for measuring performance; strategy and the use of the Balanced Scorecard; the mapping of shipping business strategy; the development of KPIs; cascation; and implementation. This authoritative guide to performance measurement and management is an essential resource for managers in the shipping and maritime transport industry, as well as those aspiring to hone their skills in the art of performance management and decision making"--
_cProvided by publisher.
650 0 _aShipping
_xManagement.
650 7 _aLAW / Maritime
_2bisacsh
650 7 _aBUSINESS & ECONOMICS / Strategic Planning
_2bisacsh
856 4 0 _3Taylor & Francis
_uhttps://www.taylorfrancis.com/books/9781315717845
856 4 2 _3OCLC metadata license agreement
_uhttp://www.oclc.org/content/dam/oclc/forms/terms/vbrl-201703.pdf
904 _aRUDRA_R
905 _aR_RANJAN
942 _2 ddc
_cEB
999 _c3161
_d3161